Proceedings of the third International Conference on Numerical Methods in Fluid Mechanics : July 3-7, 1972, Universities of Paris VI and XI /

Bibliographic Details
Corporate Authors: International Conference on Numerical Methods in Fluid Mechanics University of Paris VI, SpringerLink (Online service)
Other Authors: Cabannes, Henri, Temam, Roger
Format: Conference Proceeding eBook
Language:English
French
Published: Berlin ; New York : Springer-Verlag, 1973.
Series:Lecture notes in physics ; 18-19.
Subjects:
Online Access:Connect to the full text of this electronic book

MARC

Tag First Indicator Second Indicator Subfields
LEADER 00000cam a2200000Ia 4500
001 in00003513331
006 m o d
007 cr unu||||||||
008 080721s1973 gw ab ob 100 0 eng d
005 20260420202758.6
019 |a 260242204  |a 761236976 
020 |a 9783540383772 (electronic bk.) 
020 |a 3540383778 (electronic bk.) 
020 |a 9783540383925 (electronic bk.) 
020 |a 3540383921 (electronic bk.) 
020 |z 0387061703 
020 |z 9780387061702 
020 |z 0387061711 
020 |z 9780387061719 
020 |z 3540061703 
020 |z 9783540061700 
035 |a (OCoLC)234261445  |z (OCoLC)260242204  |z (OCoLC)761236976 
040 |a SPLNP  |b eng  |e pn  |c SPLNP  |d GW5XE  |d YNG  |d OCLCQ  |d OCLCE  |d OCLCQ  |d GW5XE  |d OCLCO  |d GW5XE  |d OCLCF  |d OCLCQ  |d OCLCO  |d UtOrBLW 
041 0 |a eng  |a fre 
049 |a TXAM 
050 4 |a QA901  |b .I47 1972 
082 0 4 |a 532 
111 2 |a International Conference on Numerical Methods in Fluid Mechanics  |n (3rd :  |d 1972 :  |c University of Paris VI) 
245 1 0 |a Proceedings of the third International Conference on Numerical Methods in Fluid Mechanics :  |b July 3-7, 1972, Universities of Paris VI and XI /  |c edited by Henri Cabannes and Roger Temam. 
264 1 |a Berlin ;  |a New York :  |b Springer-Verlag,  |c 1973. 
300 |a 1 online resource (2 volumes) :  |b illustrations. 
336 |a text  |b txt  |2 rdacontent 
337 |a computer  |b c  |2 rdamedia 
338 |a online resource  |b cr  |2 rdacarrier 
490 1 |a Lecture notes in physics,  |x 1616-6361 ;  |v 18-19 
500 |a English or French. 
504 |a Includes bibliographical references. 
505 0 |a v. 1. General lectures; fundamental numerical techniques -- v. 2. Problems of fluid mechanics. 
588 |a Description based on print version record. 
500 |a Electronic resource. 
650 0 |a Fluid mechanics  |v Congresses. 
650 0 |a Numerical analysis  |v Congresses. 
650 7 |a Fluid mechanics.  |2 fast  |0 (OCoLC)fst00927999 
650 7 |a Numerical analysis.  |2 fast  |0 (OCoLC)fst01041273 
655 7 |a Electronic books.  |2 local 
655 7 |a Conference proceedings.  |2 fast  |0 (OCoLC)fst01423772 
700 1 |a Cabannes, Henri. 
700 1 |a Temam, Roger. 
710 2 |a SpringerLink (Online service) 
776 1 8 |i Print version:  |t Proceedings of the third international conference on numerical methods in fluid mechanics; July 3-7, 1972 - Universities of Paris VI and XI.  |w (OCoLC)54335337 
776 1 8 |i Print version:  |a International Conference on Numerical Methods in Fluid Mechanics (3rd : 1972 : University of Paris VI).  |t Proceedings of the third International Conference on Numerical Methods in Fluid Mechanics.  |d Berlin ; New York : Springer-Verlag, 1973  |w (OCoLC)761236976 
830 0 |a Lecture notes in physics ;  |v 18-19.  |x 1616-6361 
856 4 0 |u http://proxy.library.tamu.edu/login?url=https://link.springer.com/10.1007/BFb0112668  |z Connect to the full text of this electronic book  |t 0 
994 |a 92  |b TXA 
999 |a MARS 
999 f f |s fa2664ce-3b36-3cd0-be0a-8899437338d6  |i 37ba4ea6-e4b1-33b8-b004-d91fd1176af2  |t 0 
952 f f |a Texas A&M University  |b College Station  |c Electronic Resources  |s www_evans  |d Available Online  |t 0  |e QA901 .I47 1972  |h Library of Congress classification 
998 f f |a QA901 .I47 1972  |t 0  |l Available Online